000 00426cam a2200169 4500
001 D12735
008 090401t1906 xxu||||| |||| 00| 0 eng d
035 _a(Sirsi) u5375
041 _aeng
100 _aFlemer, J.A.
245 3 _aAn elementary treatise on photographic methods and instruments
260 _aNew York
_bJohn Wiley and Sons
_c1906
350 _a0
520 _aShelf 179
942 _n0
948 _c04/03/1997
999 _c86170
_d86170